Bescherelle complete guide 12000 french verbs
Gorde:
| Egile nagusia: | |
|---|---|
| Formatua: | Liburua |
| Hizkuntza: | Undetermined |
| Argitaratua: |
Paris
Librairie Hatier
|
| Gaiak: | |
| Etiketak: |
Etiketa erantsi
Etiketarik gabe, Izan zaitez lehena erregistro honi etiketa jartzen!
|
| Thư viện lưu trữ: | Trung tâm Học liệu Trường Đại học Cần Thơ |
|---|
| LEADER | 00451nam a2200169Ia 4500 | ||
|---|---|---|---|
| 001 | CTU_895 | ||
| 008 | 210402s9999 xx 000 0 und d | ||
| 082 | |a 445 | ||
| 082 | |b B554 | ||
| 100 | |a Bescherelle | ||
| 245 | 0 | |a Bescherelle complete guide | |
| 245 | 0 | |b 12000 french verbs | |
| 245 | 0 | |c Bescherelle | |
| 260 | |a Paris | ||
| 260 | |b Librairie Hatier | ||
| 650 | |a french language - verb | ||
| 980 | |a Trung tâm Học liệu Trường Đại học Cần Thơ | ||